Tvárnenie mosadze na univerzálnom sústruhu

Bibliographic Details
Main Authors: Moravec, Ján, 1961- (Author), Pilc, Jozef, 1947- (Author)
Format: Article
Language:Slovak
PhysicalDescription:Fotogr., sch.
ISSN:1336-5967
Subjects:

MARC

LEADER 00000nab a2200000 a 4500
001 vtls008628845
003 SK-MaSNL
005 20260304145939.0
008 250505c2005 xo fr|p|||||||000 b|slo
015 |a SNBRB2006/03  |2 snkbucl 
035 |a (uuid)29bd2fa9-d957-4eb8-a2f9-7ad4685b30e0 
035 |a urn:nbn:sk:snk-ab972i 
035 |a (urnnbn)urn:nbn:sk:snk:ar-00747j 
038 |a SNKBUCL 
040 |a SNKBUCL  |b slo  |c SNKBUCL  |e AACR2 
041 0 |a slo  |b eng 
044 |a xo  |c SK 
080 |a 621.77+621.941.24:691.73  |2 1997 
080 |a 691.73  |2 1997 
080 |a 621.941.24  |2 1997 
100 1 |a Moravec, Ján,  |d 1961-  |4 aut  |9 204479 
245 1 0 |a Tvárnenie mosadze na univerzálnom sústruhu  |c Ján Moravec, Jozef Pilc 
246 3 1 |a Forming of brass on engine lathe 
300 |b Fotogr., sch. 
504 |a Bibliogr. odkazy 
546 |a Res. angl. 
650 0 7 |a mosadz  |2 snkbucl  |9 84289 
650 0 7 |a objemové tvárnenie  |2 snkbucl  |9 84290 
650 0 7 |a sústruhy  |2 snkbucl  |9 84291 
650 0 7 |a vtláčanie  |2 snkbucl  |9 1469487 
700 1 |a Pilc, Jozef,  |d 1947-  |4 aut  |9 195927 
773 0 |t Technologické inžinierstvo = Technological engineering  |g Roč. II, č. 2 (2005), s. 39-44  |x 1336-5967 
850 |a Slovenská národná knižnica 
852 |a Slovenská národná knižnica 
954 |a odborná, vedecká literatúra pôvodná (slovenská)  |2 lita 
958 |a article13 
958 |a OND 
958 |a NB 
958 |a EUIPO 
999 |c 2937502  |d 2939432